|
|
|
|
| LEADER |
02370nam a2200433 a 4500 |
| 001 |
EBC697728 |
| 003 |
MiAaPQ |
| 005 |
20200520144314.0 |
| 006 |
m o d | |
| 007 |
cr cn||||||||| |
| 008 |
110401s2011 njua s 001 0 eng d |
| 010 |
|
|
|z 2011014257
|
| 020 |
|
|
|z 9781118043257 (hardback)
|
| 020 |
|
|
|z 9781118113790
|
| 020 |
|
|
|z 9781118113806
|
| 020 |
|
|
|z 9781118113783 (e-book)
|
| 035 |
|
|
|a (MiAaPQ)EBC697728
|
| 035 |
|
|
|a (Au-PeEL)EBL697728
|
| 035 |
|
|
|a (CaPaEBR)ebr10494539
|
| 035 |
|
|
|a (CaONFJC)MIL324659
|
| 035 |
|
|
|a (OCoLC)757394273
|
| 040 |
|
|
|a MiAaPQ
|c MiAaPQ
|d MiAaPQ
|
| 050 |
|
4 |
|a HD30.2
|b .L363 2011
|
| 082 |
0 |
4 |
|a 658.4/038
|2 22
|
| 100 |
1 |
|
|a Lane, Dean.
|
| 245 |
1 |
4 |
|a The chief information officer's body of knowledge
|h [electronic resource] :
|b people, process, and technology /
|c Dean Lane.
|
| 260 |
|
|
|a Hoboken, N.J. :
|b Wiley,
|c c2011.
|
| 300 |
|
|
|a 336 p. :
|b ill.
|
| 490 |
1 |
|
|a Wiley corporate F & A
|
| 500 |
|
|
|a Includes index.
|
| 505 |
0 |
|
|a pt. 1. People -- pt. 2. Process -- pt. 3. Technology.
|
| 520 |
|
|
|a "A contributed volume, this book was written by practitioners who handle both the day-to-day and longer term challenges that Information Technology (IT) departments and their parent businesses face. It is a hands-on, practical application, IT desk reference written in lay terms for business people and IT personnel alike. There are no lofty theories or references to hypotheses. This is a book that will help individuals understand how to assist companies establish standard practices so they may become more effective and efficient. It provides guidance on how a business person and IT can work together to maximize business value. It also addresses the Chief Information Officer managing and running IT as a business so that the IT department may become a full strategic partner in the organization's crucial decisions"--
|c Provided by publisher.
|
| 533 |
|
|
|a Electronic reproduction. Ann Arbor, MI : ProQuest, 2015. Available via World Wide Web. Access may be limited to ProQuest affiliated libraries.
|
| 650 |
|
0 |
|a Information technology
|x Management.
|
| 650 |
|
0 |
|a Chief information officers.
|
| 655 |
|
4 |
|a Electronic books.
|
| 710 |
2 |
|
|a ProQuest (Firm)
|
| 830 |
|
0 |
|a Wiley corporate F & A.
|
| 856 |
4 |
0 |
|u https://ebookcentral.proquest.com/lib/matrademy/detail.action?docID=697728
|z Click to View
|